Fill in the TV Blanks (Ages 8-12) Quiz Stats

 Plays Quiz not verified by Sporcle

Also try: 50 Divided Sitcoms
Challenge
Share
Tweet
Embed
Score 0/14 Timer 02:00
0 Plays Today
Fill-In Blank % Correct
????
100%
????
94.1%
????
92.7%
????
88.1%
????
85.9%
????
84.3%
????
81.8%
Fill-In Blank % Correct
????
71.5%
????
58.8%
????
48%
????
46.7%
????
45.1%
????
32.4%
????
29.8%

You're not logged in!

Compare scores with friends on all Sporcle quizzes.
OR
Log In

You Might Also Like...

Show Comments

Extras

Top Quizzes Today


Score Distribution

Your Account Isn't Verified!

In order to create a playlist on Sporcle, you need to verify the email address you used during registration. Go to your Sporcle Settings to finish the process.

Report this User

Report this user for behavior that violates our Community Guidelines.

Details: